Liste des Gendarmes de Saint-Tropez - Mort Subite - Statistiques

Statistiques générales
  • Ce quiz a été pris 301 fois
    29 depuis la dernière actualisation
  • Le résultat moyen est 4 sur 9
Answers on the Grid
Answers color-coded by a green-red scale on the quiz's grid according to % correct below.
Cruchot
Gerber
Tricart
Berlicot
Fougasse
Merlot
Beaupied
Taupin
Perlin
Pithivier
Tassin
Grasset
Colombet
Michonnet
Médard
Dupin
Picart
Tricatel
Bourdelle
Pignon
Pivert
Bouvet
Bailleul
Bertineau
 
Statistiques - réponses
Réponse % Correct
Cruchot
91%
Gerber
68%
Fougasse
64%
Merlot
55%
Berlicot
50%
Tricart
50%
Beaupied
27%
Perlin
23%
Taupin
14%
Aucun quiz correspondant
Distribution des résultats
% des personnes avec chaque résultat
Percentile par nombre de réponses
Votre historique - résultats
Vous n’avez pas pris ce quiz depuis la dernière actualisation